Statistics for Films Featuring Dogs

Click here to take the quiz!

General Stats

  • This quiz has been taken 72 times
  • The average score is 10 of 20

Answer Stats

YearHintFilm% Correct
1955Two animated dogs fall in love over a plate of spaghettiLady and the Tramp
95%
1961Cruella de Vil attempts to turn dogs into fur coatOne Hundred and One Dalmatians
95%
2002Four young adults and a talking dog solve mysteries.Scooby Doo
81%
1994Boy forms a bond with loyal and protective collieLassie
74%
1992John Hughes comedy: The Newton family adopts St. BernardBeethoven
68%
1983Stephen King horror film with rabid Saint BernardCujo
65%
1989Tom Hanks and dog star in buddy cop comedyTurner and Hooch
60%
1957Disney film about boy and stray dog with well-known tragic endingOld Yeller
53%
1981Disney film about unlikely friendship between hunter and huntedThe Fox and the Hound
50%
1997Dog plays basketballAir Bud
45%
2018Stop-motion Wes Anderson film with Bryan Cranston's voiceIsle of Dogs
45%
1993Two dogs and a cat depart on a long journey to find their ownersHomeward Bound
44%
1989Dog escapes afterlife to return to Earth and befriends orphan girlAll Dogs Go To Heaven
34%
2004Gigantic dog joins traveling show "Larry's Amazing Animals"Clifford's Really Big Movie
34%
1995Dog delivers serum to combat diphtheria outbreak in AlaskaBalto
32%
2000Mockumentary following five entrants in a prestigious dog showBest in Show
32%
1989Jim Belushi and dog star in buddy cop comedyK-9
31%
1972Adventures of dog brought north to Canada to be a sled dogThe Call of the Wild
26%
1974Small mixed-breed is always in the right place at the right timeBenji
21%
1995Man reincarnated as dog attempts to reconnect with his familyFluke
8%

Score Distribution

Percentile by Number Answered

Percent of People with Each Score

Your Score History

You have not taken this quiz